Využitie informačno-komunikačných technológií v CK Pelikán diplomová práca

Enregistré dans:
Détails bibliographiques
Auteur principal: Némethová, Beáta
Collectivité auteur: Obchodná fakulta EU. Katedra služieb a cestovného ruchu - zrušené
Autres auteurs: Žák, Štefan, 1971-
Format: Livre
Langue:slovaque
Publié: Bratislava 2013
Tags: Ajouter un tag
Pas de tags, Soyez le premier à ajouter un tag!

MARC

LEADER 00000nbm a2200000 4500
001 0174089
005 20161228131102.7
041 0 |a slo 
044 |a SK 
245 1 0 |a Využitie informačno-komunikačných technológií v CK Pelikán  |b diplomová práca  |c Beáta Némethová ; školiteľ: Štefan Žák 
264 1 |a Bratislava  |c 2013 
300 |a 61 s. 
100 1 |a Némethová, Beáta 
700 1 |a Žák, Štefan, 1971- 
710 2 |a Obchodná fakulta EU. Katedra služieb a cestovného ruchu - zrušené